[Event "FIDE World Cup"]
[Site "Baku"]
[Date "2015.09.14"]
[Round "2.1"]
[White "Wojtaszek, Radoslaw"]
[Black "Artemiev, Vladislav"]
[Result "1-0"]
[WhiteElo "2741"]
[BlackElo "2675"]
[Annotator "Mokal,P"]
[PlyCount "99"]
[EventDate "2015.09.11"]
[EventType "k.o."]
[EventRounds "7"]
[EventCountry "AZE"]
[SourceTitle "CBM 169"]
[Source "ChessBase"]
[SourceDate "2015.11.10"]
[SourceVersion "1"]
[SourceVersionDate "2015.11.10"]
[SourceQuality "1"]

1. Nf3 Nf6 2. c4 c6 3. d4 d5 4. Nc3 dxc4 5. a4 Na6 {An idea popularised by
Smyslov. Black keeps the options open for the B on c8 and at the same time
makes a developing move, with the square b4 in mind for the N on a6.
Artemiev's intention seems to be to avoid discussions on mainstream theory
against Anand's second.} ({The most solid variation is naturally the most
popular} 5... Bf5 {[%cal Gf5e4,Gf6e4] fighting for the control of the centre.})
6. e4 Bg4 7. Bxc4 Bxf3 (7... e6 {is a common alternative.}) 8. gxf3 {Spoiling
the pawn structure but bolstering the centre.} ({White has an interesting and
relatively unexplored gambit in} 8. Qxf3 Qxd4 9. Bxa6 bxa6 10. O-O $44 {
but since 8.gxf3 is quite pleasant for White, this has not found many takers
as of yet.}) 8... Nb4 9. Be3 e6 10. O-O Be7 11. a5 ({An alternative and
popular approach is} 11. Kh1 O-O 12. Rg1 {[%csl Gc4,Gd4,Ge3,Ge4,Gf4][%cal
Gg1g8,Gf3f4] with a pleasant position and dynamic prospects.}) 11... O-O 12.
Qb3 b6 ({After} 12... b5 {White can either transpose to the game with} 13. axb6
({or choose} 13. Be2)) 13. axb6 ({The game Uhlmann vs Spiridonov, 1980 went} 
13. Be2 bxa5 14. Qa4 Qb8 $1 15. Rfc1 {when Black had an interesting
possibility to create play with} Nh5 ({In the game Black played} 15... Bd8 $5 {
but White found a way to to get rid of Black's main defender of the weak <<
pawn structure with} 16. Na2 $1 Bc7 17. Nxb4 axb4 {Now Uhlmann found another
subtle idea} 18. Kg2 $1 {and after} Bf4 (18... Bxh2 $2 19. e5 $18) 19. Rxc6 $16
{went on to win the game in 39 moves. 1-0 Uhlmann-Spiridonov, 1980.}) 16. Qxa5
Nf4 $132) 13... axb6 14. Be2 c5 $146 (14... Qc7 15. Ra4 (15. f4 c5 16. d5 exd5
17. e5 $6 c4 18. Qd1 Rxa1 19. Qxa1 Ne4 $17 {0-1 Storland,K (2195)-Johansen,T 
(2240)/Stavanger 1997/EXT 2001 (35)}) 15... Rxa4 16. Nxa4 Ra8 17. Bd2 Qa7 (
17... c5 $142) 18. Ra1 Qa5 $2 19. Ra3 $1 Qh5 20. Nxb6 $16 {1-0 Blocker,C (2395)
-Stauffer,C (2174)/King's Island 2001/EXT 2002 (48)}) 15. Nb5 Rxa1 ({White
maintains a very slight but pleasant advantage after} 15... Nc6 16. Rxa8 Qxa8
17. Rc1 (17. d5 $6 exd5 18. Nc7 Qb7 19. Nxd5 Nxd5 20. Qxd5 Rd8 $15) 17... cxd4
18. Nxd4 Nxd4 19. Bxd4 $14 {[%csl Rb6]}) ({The story is the same after} 15...
cxd4 16. Rxa8 Qxa8 17. Nxd4 $14 (17. Bxd4 $14)) 16. Rxa1 Nc6 17. Rd1 cxd4 $2 {
This just loses a pawn.} (17... Qa8 18. d5 $36) (17... Qb8 $142 18. d5 (18.
dxc5 $5 bxc5 $132 {[%cal Gb8e5,Gf8c8]}) 18... exd5 19. exd5 {Now Black has a
typical manoueuvre to blockade the d5-pawn with} Na5 20. Qa4 Nb7 $14 {with a
complex position that seems to give White dynamic prospects.}) 18. Nxd4 Nxd4
19. Bxd4 $16 {[%csl Rb6] The rest is a matter of technique and Wojtaszek shows
that he has the flair for it.} Qc8 20. Qxb6 Qc2 21. Kf1 Rd8 22. Ke1 $5 Qc8 23.
Be3 Rf8 ({Black could have provided more resistance with} 23... Rxd1+ 24. Bxd1
h6 $16 {although it would still be hoping against hope.}) 24. Rc1 Qa8 25. Qc7
Bd8 26. Qa7 Ba5+ 27. Kf1 Qxa7 28. Bxa7 h6 29. Rc4 Ra8 30. Bd4 Rb8 31. Be5 Rb7
32. Rc8+ Kh7 33. Rc5 Bd8 34. Rb5 Ra7 35. b4 g5 36. Bd4 Rc7 37. Rc5 Rd7 38. Rc4
Rb7 39. Rc8 Be7 40. b5 Nh5 41. b6 Rd7 42. Be5 Rb7 43. Rc7 Rxb6 44. Rxe7 Kg6 45.
Bd3 Rb3 46. Rd7 Ra3 47. Ke2 Ra4 48. Ke3 f6 49. Bd6 e5 50. Bb5 {Wojtaszek won
this (first) game and drew the second to advance to the 3rd round of the World
Cup.} 1-0

[Event "Moscow Tal Memorial 5th"]
[Site "Moscow"]
[Date "2010.11.06"]
[Round "2"]
[White "Gelfand, Boris"]
[Black "Shirov, Alexei"]
[Result "1-0"]
[WhiteElo "2739"]
[BlackElo "2739"]
[Annotator "Mueller,Karsten"]
[PlyCount "121"]
[EventDate "2010.11.05"]
[EventType "tourn"]
[EventRounds "9"]
[EventCountry "RUS"]
[EventCategory "21"]
[SourceTitle "CBM 139"]
[Source "ChessBase"]
[SourceDate "2010.11.18"]
[SourceVersion "1"]
[SourceVersionDate "2010.11.18"]
[SourceQuality "1"]

1. d4 d5 2. c4 c6 3. Nf3 Nf6 4. Nc3 dxc4 5. a4 e6 6. e3 c5 7. Bxc4 Nc6 8. O-O
Be7 9. Qe2 cxd4 10. exd4 O-O 11. Rd1 Nd5 12. Bb3 Re8 13. h4 Na5 14. Bc2 Nb4 15.
Bg5 h6 16. Bxe7 Qxe7 17. Qe4 f5 18. Qe2 b6 19. Re1 Ba6 20. Qd1 Nxc2 21. Qxc2
Bc4 22. d5 Bb3 23. Qe2 Rad8 24. dxe6 Qxe6 25. Qb5 Bc4 26. Rxe6 Bxb5 27. Nd4 Bd7
28. Rxe8+ Rxe8 29. Rd1 Nc4 30. b3 Ne5 31. Ncb5 Bxb5 32. Nxb5 Re7 33. f3 Kf7 {
Auf die Initiative kommt es an In Endspielen mit Turm und Springer gegen Turm
und Springer ist oft schon eine leichte Initiative sehr lästig, weil beide
Figuren passive Verteidigung nicht mögen.} 34. Rd5 $5 Kg6 $2 ({Mittels} 34...
a6 $1 {ließ sich die weiße Initiative ausbremsen, z.B.} 35. Nd4 f4 36. a5 Rd7
37. Rxe5 Rxd4 38. axb6 Rb4 39. Re4 Rxb3 40. Rxf4+ Ke7 41. Rg4 Kf7 $11) 35. Kf2
a6 36. Nd4 ({Das Zwischenschach} 36. Rd6+ $5 {war noch einen Tick genauer, z.B.
} Kh5 37. Nd4 Nd3+ 38. Kg3 f4+ 39. Kh3 $16 {denn} Re1 $2 40. g4+ fxg3 41. Nf5
$18 {verliert sofort.}) 36... Nd3+ 37. Kg3 f4+ 38. Kg4 h5+ 39. Kh3 (39. Rxh5 $2
Nf2+ 40. Kxf4 Kxh5 $19) 39... Re1 40. Kh2 Rb1 $2 {Dies läuft in einen
taktischen Trick. Allerdings war guter Rat bereits teuer.} ({So steht Schwarz
auch nach} 40... Kf6 41. Rxh5 Re5 42. Rh8 Rd5 43. Ne2 $16 {mit dem Rücken zur
Wand.}) 41. Ne2 $1 Rb2 (41... Rxb3 $2 42. Rxd3 Rxd3 43. Nxf4+ $18) 42. Rxd3
Rxe2 43. Rd6+ Kf5 44. Rxb6 Re6 ({Nach} 44... a5 45. Rb5+ Re5 46. b4 $5 {
hat Schwarz nichts Besseres als} axb4 47. Rxb4 Re1 48. Rb5+ {und Weiß gewinnt
analog zur Partie.}) 45. a5 $1 ({Nicht jedoch} 45. Rxe6 $2 Kxe6 {denn bei
Abwicklungen ins Bauernendspiel muss man immer sehr auf der Hut sein. Die
Faustregel, dass die materiell überlegene Seite Figuren tauschen soll, ist
ohnehin mit sehr großer Vorsicht zu genießen. Im vorligenden Fall könnte sich
Schwarz nun retten, z.B.} 46. g3 (46. b4 Kd5 47. b5 axb5 48. axb5 Kc5 49. g3
Kxb5 50. gxf4 Kc5 51. Kg3 Kd4 52. Kf2 Kd3 53. f5 Kd4 $11) (46. g4 g6 $11) 46...
Kd5 47. gxf4 a5 48. Kg3 Kd4 49. f5 Ke5 50. Kf2 Kd4 51. b4 axb4 52. Ke2 Kc3 53.
a5 b3 54. a6 b2 55. a7 b1=Q 56. a8=Q Qd3+ $11) 45... Re3 ({Nun wäre das
Bauernendspiel nach} 45... Ke5 46. Rxe6+ Kxe6 47. g3 {verloren:} Kd5 48. gxf4
Kc5 49. Kg3 Kb4 50. f5 Kxa5 51. Kf4 Kb4 52. Kg5 Kxb3 53. Kg6 a5 54. Kxg7 a4 55.
f6 a3 56. f7 a2 57. f8=Q a1=Q+ 58. Kg6 $18) 46. b4 Rb3 47. Rxa6 Rxb4 48. Rb6
Ra4 49. Rb5+ Kg6 50. Rg5+ Kh6 51. Kg1 Ra1+ 52. Kf2 g6 53. Ke2 Rh1 54. Kd2 Rxh4
55. Re5 Rh2 56. Re2 h4 57. a6 h3 58. a7 hxg2 59. a8=Q g1=Q {Shirov hat es zwar
geschafft, das Brett noch einmal in Flammen zu setzen, aber sein Feuer wird
schon bald ausgehen:} 60. Qh8+ Kg5 61. Qxh2 1-0

[Event "Tata Steel-A 74th"]
[Site "Wijk aan Zee"]
[Date "2012.01.17"]
[Round "4"]
[White "Topalov, Veselin"]
[Black "Gashimov, Vugar"]
[Result "1/2-1/2"]
[WhiteElo "2770"]
[BlackElo "2761"]
[Annotator "Postny,E"]
[PlyCount "110"]
[EventDate "2012.01.14"]
[EventType "tourn"]
[EventRounds "13"]
[EventCountry "NED"]
[EventCategory "21"]
[SourceTitle "CBM 147"]
[Source "ChessBase"]
[SourceDate "2012.03.16"]
[SourceVersion "1"]
[SourceVersionDate "2012.03.16"]
[SourceQuality "1"]

1. d4 d5 2. c4 c6 3. Nf3 Nf6 4. Nc3 dxc4 5. a4 e6 {A common line nowadays.} 6.
e3 c5 7. Bxc4 cxd4 8. exd4 {The same position may arise from the Queen's
Gambit Accepted with White's pawn on a2. This "extra" tempo might favour Black
as he can use the b4-square for his knight to establish control over the key
d5-point.} Nc6 9. O-O Be7 10. Qe2 ({White's other logical continuation is} 10.
Re1 O-O 11. Bg5 {I have opposed this myself in numerous games as Black with
satisfactory results.}) 10... O-O 11. Rd1 Nb4 12. Bg5 Bd7 {I don't know what's
wrong with 12...h6 13.Bh4 Bd7, which was previously considered as the most
precise order of moves for Black, but Gashimov has another idea in mind.} (
12... h6 13. Bh4 (13. Bxf6 Bxf6 14. Ne5) 13... Bd7 14. Ne5 (14. d5 $6 Nbxd5 15.
Nxd5 exd5 16. Bxd5 Nxd5 17. Rxd5 Bxh4 18. Nxh4 $11) 14... Bc6 15. Bg3 Nbd5 16.
a5 Rc8 17. Bb3 a6 18. Rdc1 Bb4 19. Bh4 Qd6 20. Qd1 Bb5 21. Nxb5 axb5 22. Rxc8
Rxc8 23. Qf3 Qc7 24. h3 Ra8 25. Qd1 Bd6 {1/2-1/2 Ivanchuk,V (2748)-Tkachiev,V 
(2639)/France 2010/CBM 135 Extra}) 13. d5 exd5 14. Nxd5 Nbxd5 (14... Nfxd5 $2
15. Bxe7 Nxe7 16. Ne5 Ned5 17. Bxd5 Qe8 18. Bxb7 Rd8 19. Qe4 {and White is a
healthy pawn up.}) 15. Bxd5 Nxd5 16. Rxd5 Bxg5 17. Nxg5 {An engine already
gives here a big advantage for White, but theory is still being written.} h6
18. Qd2 {I am quite sure that Gashimov has figured out a way to equality also
after 18.Rad1, but, for the moment it seems to me that White can pose some
problems to the second player.} (18. Rad1 hxg5 (18... Re8 19. Qd2 (19. Ne4 $6
Qe7 20. Rxd7 Qxe4 21. Qxe4 Rxe4 22. Rxb7 Rxa4 $11) 19... hxg5 20. Rxd7 Qf6 21.
Rxb7 Rab8 $6 (21... a5 $14) 22. Rxb8 Rxb8 {Compare this position to the
position that arises in our game after the 21st move. Here White has an extra
move Rd1, and it is very apparent.} 23. b4 $16) 19. Rxd7 Qb6 20. g3 Qc6 21. b3
$14 {1/2-1/2 Ivanchuk,V (2729)-Svidler,P (2765)/Monte Carlo 2006/CBM 111 ext 
(46)}) 18... hxg5 19. Rxd7 Qf6 20. Rxb7 Rab8 $146 (20... Rfd8 21. Qa5 (21. Qe3
Re8 22. Qb3 (22. Rxa7 Qxb2 23. Rf1 Rxe3 24. Rxa8+ Kh7 25. fxe3 Qb3 26. a5 Qxe3+
27. Kh1 Qd3 {White can't connect his rooks without losing the Pa5, so it will
be a draw.}) 22... Rad8 23. Rf1 a5 24. Rb6 Qd4 25. Rb5 Qd2 $44 {0-1 Zhou
Jianchao (2636)-Korobov,A (2671)/Khanty-Mansiysk 2011/CBM 145 (38)}) 21... a6
22. h3 Rd6 23. Qb4 Rad8 24. Rb8 Rxb8 25. Qxb8+ Kh7 26. Rb1 Rd2 $11 {1/2-1/2
Rodshtein,M (2645)-Hansen,S (2566)/Porto Carras 2011/EXT 2012 (29)}) 21. Rxb8
Rxb8 22. Rb1 Qe6 $1 23. Qxg5 (23. b4 Qe4 24. Rb2 Qe8 $1 (24... g4 25. g3 a5 26.
bxa5 Rxb2 27. Qxb2 Qe1+ 28. Kg2 Qe4+ 29. Kf1 Qh1+ 30. Ke2 Qe4+ 31. Kd2 Qd5+ 32.
Kc1 Qh1+ 33. Kc2 Qe4+ 34. Kb3 Qd5+ 35. Ka3 Qc5+ 36. Ka2 Qd5+ 37. Qb3 Qxa5 {
This endgame should end in a draw as well, but, at least White enjoys a passed
pawn.}) 25. b5 Rd8 26. Qc1 Qe4 27. a5 Qa4 28. Rb1 Qxa5 29. Qxg5 a6 30. h4 Rb8
31. b6 Qxg5 32. hxg5 a5 {The a- and b-pawns will be exchanged and the rook
endgame with three pawns vs two on one side is drawish.}) 23... Qa2 24. Rd1 (
24. Rc1 Qxa4 25. Qe5 Rd8 26. h3 Rd1+ 27. Rxd1 Qxd1+ 28. Kh2 Qb3 {basically
leads to the same endgame where White's extra pawn is not enough for winning
purposes.}) 24... Qxa4 25. Rd8+ Rxd8 26. Qxd8+ Kh7 27. Qd3+ g6 28. b3 Qa1+ 29.
Qf1 Qd4 {It seems that Vugar has prepared the whole line until around this
point. Black is a pawn down, but can hold the endgame fairly easily. This is a
part of modern opening preparation. Sometimes, when playing Black, it's
acceptable and even recommended to go a pawn down straight from the opening,
if you know how to make a draw then.} 30. g3 Qd5 31. Qb1 a5 32. h4 Kg8 33. Qc2
Kh7 34. Kh2 Qf3 35. Kg1 Qd5 36. Kf1 Kg8 37. Ke2 Qe5+ 38. Kf3 Qd5+ 39. Ke3 Qe5+
{Preventing from the white king from marching towards the Pa5.} 40. Qe4 Qc3+
41. Qd3 Qe5+ 42. Kf3 Qf6+ 43. Kg2 a4 $1 {Every pawn exchange make Black's
defensive task easier.} 44. bxa4 Qc6+ 45. f3 Qxa4 46. Qe4 Qa2+ 47. Kh3 Qa1 48.
Qc4 Kg7 49. Qd5 Qh1+ 50. Kg4 Qa1 51. Qd6 Qc3 52. Qd5 Qc8+ 53. Kf4 Qc1+ 54. Ke5
Qe1+ 55. Kf4 Qc1+ {A theoretically important game.} 1/2-1/2

[Event "Dortmund SuperGM 41st"]
[Site "Dortmund"]
[Date "2013.07.26"]
[Round "1"]
[White "Kramnik, Vladimir"]
[Black "Wang, Hao"]
[Result "1-0"]
[WhiteElo "2784"]
[BlackElo "2752"]
[Annotator "Postny,E"]
[PlyCount "51"]
[EventDate "2013.07.26"]
[EventType "tourn"]
[EventRounds "9"]
[EventCountry "GER"]
[EventCategory "19"]
[SourceTitle "CBM 156"]
[Source "ChessBase"]
[SourceDate "2013.09.17"]
[SourceVersion "1"]
[SourceVersionDate "2013.09.17"]
[SourceQuality "1"]

1. d4 d5 2. c4 c6 3. Nf3 Nf6 4. Nc3 dxc4 5. a4 e6 6. e3 (6. e4 Bb4 7. e5 Nd5 8.
Bd2 {leads to a sharper battle where White doesn't get back the Pc4, but plays
for a long term initiative. Alexander Morozevich recently won a couple of nice
games as White.}) 6... c5 7. Bxc4 cxd4 8. exd4 Nc6 9. O-O {An almost identical
position may arise also from the Queen's Gambit Accepted, with the only
difference being that Black's pawn is on a6.} Be7 10. Qe2 (10. Bg5 O-O 11. Re1
{is another setup. This position has been analysed and tested in depth,
including in my own games.}) 10... O-O 11. Rd1 Nb4 {The main fight in this
position is around the d5-square.} 12. Bg5 Bd7 $5 {A few years ago this move
used to be considered a serious mistake, but further analysis has proved that
it's playable.} (12... h6 13. Bxf6 $1 (13. Bh4 Bd7 {is an improved version of
the position that arose in our game Kramnik-Wang Hao. Now the central
breakthrough is not recommended:} 14. d5 $6 Nbxd5 15. Nxd5 exd5 16. Bxd5 Nxd5
17. Rxd5 Bxh4 18. Nxh4 Qc8 {and already White is the one that has to look for
equality.}) 13... Bxf6 14. Ne4 b6 15. Ne5 Bb7 16. Nxf6+ Qxf6 17. Nd7 Qg6 18. d5
exd5 19. Nxf8 Rxf8 20. Bd3 $16 {0-1 (45) Edouard,R (2686)-Ernst,S (2556) Wijk
aan Zee 2013}) 13. d5 $1 {It's now or never. If Black gets his bishop on c6,
he will be absolutely fine.} (13. Ne5 Bc6 14. a5 Nfd5 15. Bxe7 Qxe7 16. Nxc6
bxc6 $11) 13... exd5 {The play is now forced for a while.} 14. Nxd5 Nbxd5 15.
Bxd5 Nxd5 16. Rxd5 Bxg5 17. Nxg5 h6 18. Qd2 hxg5 19. Rxd7 Qf6 20. Rd1 $146 {
Objectively, not an improvement, but it's remarkable that even in such a "dry"
position Kramnik manages to introduce something new. In previous games White
automatically captured the Pb7.} (20. Rxb7 Rfd8 (20... Rab8 21. Rxb8 Rxb8 22.
Rb1 Qe6 23. Qxg5 Qa2 24. Rd1 Qxa4 25. Rd8+ Rxd8 26. Qxd8+ Kh7 27. Qd3+ g6 $14 {
1/2-1/2 (55) Topalov,V (2770)-Gashimov,V (2761) Wijk aan Zee 2012}) 21. Qe3 (
21. Qa5 a6 22. h3 Rd6 23. Qb4 Rad8 24. Rb8 Rxb8 25. Qxb8+ Kh7 $11 {1/2-1/2 (29)
Rodshtein,M (2645)-Hansen,S (2566) Porto Carras 2011}) 21... Re8 22. Qb3 Rad8
23. Rf1 a5 24. Rb6 Qd4 25. Rb5 Qd2 26. Rb7 Re6 27. g3 $14 {0-1 (38) Zhou
Jianchao (2636)-Korobov,A (2671) Khanty-Mansiysk 2011}) 20... Rfe8 ({Perhaps
Black could keep the pawn by} 20... b6 21. Rd6 Qf5 22. Rd5 Qe4 $14) 21. Rxb7 {
Now it's very similar to the above-mentioned games.} Rad8 22. Rd7 Rxd7 23. Qxd7
Rb8 24. Qxa7 Rxb2 {White would be happy to swap rooks. A queen endgame with
the passed a-pawn would be winning. However, while the rooks are on the board,
Black's chances for a draw are much higher than White's for a win. Still, I
don't think it was very wise for the Chinese grandmaster to go for such a
position straight from the opening against such an excellent technical player
as Kramnik. In the current game, however, he wasn't even required to
demonstrate his technique...} 25. h3 Ra2 $4 {Yes, even top players may blunder
away pieces. Major pieces.} ({After} 25... Kh7 26. Qc5 ({The rooks ending after
} 26. Qd4 Qxd4 27. Rxd4 Ra2 {will be a draw if Black is accurate enough.})
26... Ra2 27. a5 Qf4 {Black has excellent chances for a draw. His pieces are
active enough and the a-pawn going nowhere.}) 26. Qb8+ (26. Qb8+ Kh7 27. Qb1+
$18) 1-0